000 01252 a2200253 4500
005 20220902065546.0
008 200203b1992 sp a|||| |||| 00| 0 spa d
020 _a9788400072452
020 _a8400072456
040 _aCO-BoUCM
_bspa
_cDeissy Garcia (modificó)
_dJohn Ramirez
041 _aspa
100 1 _aFrías Núñez, Marcelo
_999711
_d1961-
245 1 0 _aEnfermedad y sociedad en la crisis colonial del antiguo régimen
_bNueva Granada en el tránsito del siglo XVIII al XIX, las epidemias de viruelas
_cMarcelo Frías Númez
260 _bConsejo Superior de Investigaciones Científicas
_aMadrid
_c1992
300 _a273 páginas
_bilustraciones
490 0 _aCuadernos Galileo de Historia de la Ciencia
_v13
505 _rLa enfermedad y la medicina ilustrada. -- Epidemia de 1782. -- El camino de 1782 a 1802: una sociedad en expectativa. -- Epidemia de 1802. -- Expedición de la vacuna.
650 1 7 _914659
_aEpidemias
_ySiglo XVIII-XIX
_zColombia
650 1 0 _960162
_aHistoria social
_zColombia colonial
650 1 7 _926310
_aViruela
_zColombia colonial
650 1 7 _aNueva granada
_xAdministración colonial
_zSiglo XVIII-XIX
_999712
942 _cLIBRO
_2DEWEY
_a26
_e20
_h616.912
_mF897e
_n0
999 _c317016
_d317016